000 00550nam a2200205Ia 4500
005 20250508165450.0
008 008 250505s9999 xx 000 0 hin d
020 _a978-81-7119-675-3
037 _aTextual
040 _aFEDL
_beng
_cFEDL
041 _ahin
_2eng
084 _a801.953, JOS
_qFEDL
100 _aJoshi Jyotish
245 0 _aUpanyas ki samkaleenta
260 _aNew Delhi, India
_bBhartiya Gyanpeeth
_c2010
300 _a240p.
365 _aINR
_b200
942 _cTEXL
_h801.953, JOS
999 _c1395256
_d1395256